Retrouve les acteurs/actrices - Statistiques

Statistiques générales
  • Ce quiz a été pris 172 fois
    116 depuis la dernière actualisation
  • Le résultat moyen est 9 sur 36
Statistiques - réponses
Hint Homme/ Femme Films/ séries Acteurs/ actrices % Correct
1 Homme Les gardiens de la galaxie,Jurassic World, Passengers Chris Pratt
79%
11 Homme Spider man Homecoming, Uncharted, le diable tout le temps Tom Holland
63%
31 Femme Maléfique, Lara Croft tomb raider, les éternels Angelina Jolie
55%
17 Femme Titanic, divergente, les noces rebelles Kate Winslet
51%
23 Femme Scream, Mercredi, You Jenna Ortega
49%
12 Femme Twilight, Spencer, Panic Room Kristen Stewart
46%
24 Homme Camping, Tout le monde debout, 10 jours sans maman Franck Dubosc
39%
26 Femme Friends, la rupture, marley et moi Jennifer Aniston
35%
35 Femme Jeux d'enfants, inception, Minuit à Paris Marion Cotillard
34%
3 Homme Stranger Things, Hellboy, Black Widow David Harbour
31%
30 Homme Menteur, 30 jours max, Alibi.com Tarek Boudali
30%
25 Femme Cruella, Nanny McPhee, Harry Potter et le prisonnier d'azkaban Emma Thompson
27%
22 Homme Jurassic Parc, Thor Ragnarok, La mouche Jeff Goldblum
26%
28 Homme Captain america le soldat de l'hiver, I'm not here, Pam and Tommy Sebastian Stan
26%
14 Homme Harry Potter et l'ordre du Phenix, Léon, Hannibal Gary Oldman
24%
2 Femme Venom, Dawson, le monde fantastique d'Oz Michelle Williams
20%
4 Homme Le monde de Narnia 3, le labyrinthe, the revenant Will Poulter
18%
32 Homme Sherlock, Black Panther, The office Martin Freeman
17%
15 Femme The vampires diaries, le secret de ma fille, Love hard Nina Dobrev
17%
16 Homme Les goonies, Avengers infinity War, Sicario Josh Brolin
16%
33 Femme Clem, coup de foudre à Jaipur, meurtres à l'île de Ré Lucie Lucas
16%
13 Homme La belle et la bête, outfall, Anna Luke Evans
16%
27 Homme La nuit au musée, état d'esprit, No escape Owen Wilson
16%
6 Femme Stranger Things, Fear Street Sadie Sink
16%
18 Femme Le village, Jurassic World, Gold Bryce Dallas Howard
15%
10 Femme Belle fille, tout le monde debout, Bis Alexandra Lamy
11%
21 Femme X men, Taken, Espion et demi Famke Janssen
10%
34 Homme Super man et Loïs, Teen wolf, Les sentiers de la perdition Tyler Hoechlin
10%
8 Homme Hunger Games, avant toi, à la dérive Sam Clafin
9%
9 Femme Maléfique, seuls sur terre, the great Elle Fanning
8%
29 Homme The boys, hunger games, on sera 2 Jack Quaid
8%
36 Homme Le diable s'habille en prada, Lovely bones, À table Stanley Tucci
8%
20 Homme Paradise Ranch, Riverdale, Le cinquième élément Luke Perry
7%
5 Homme The 100, lost, chimera strain Henry Ian Cusick
4%
19 Homme Blitz, le labyrinthe, projet blue book Aidan Gillen
2%
7 Homme Teen wolf, Mortal Kombat, Affamés Linden Ashby
2%
Aucun quiz correspondant
Distribution des résultats
% des personnes avec chaque résultat
Percentile par nombre de réponses
Votre historique - résultats
Vous n’avez pas pris ce quiz depuis la dernière actualisation